000 00516nam a2200181 a 4500
005 20140412111259.0
008 020530s19uu xx 00 eng d
020 _a0-307-26106-9
050 _aER
_bBa23on 1998
100 _aOrr, Salile
245 _aBarbie: one pink shoe /
_cby Salile Orr ; illustrated by S. I. International.
260 _aNew York :
_bA Golden Book,
_c1998.
300 _a1 v. (unp.) ; ill.
440 _aBarbie
650 _aShoes--Fiction
650 _aChildren stories
999 _c103321
_d103321